000
00294nam a2200121 a 4500
008
101021s1959|||| d
100
1
_a
Křiž, Ivan
245
1
0
_a
Dievčenské pole
260
_b
Československý spisovateľ
_a
Praha
_c
1959
041
_a
slo
020
_c
21,10
044
_a
xo
_c
SK
999
_c
11946
_d
11946